[Event "19. Open de Gros 2009"]
[Site "San Sebastián ESP"]
[Date "2009.09.25"]
[Round "1.1"]
[White "Izquierdo, Arruferia Joseba"]
[Black "Paunovic, Dragan"]
[Result "0-1"]
[WhiteElo "1790"]
[BlackElo "2556"]
[PlyCount "64"]
[EventDate "2009.09.25"]
[EventType "swiss"]
[EventRounds "9"]
[EventCountry "ESP"]
[Source "lmi"]
[SourceDate "2009.09.25"]

1. e4 c5 2. Nc3 e6 3. g3 d5 4. exd5 exd5 5. Bg2 Nf6 6. d3 Nc6 7. Bg5 d4 8. Ne4
Be7 9. Bxf6 Bxf6 10. Nxf6+ Qxf6 11. Ne2 O-O 12. O-O Bg4 13. f3 Be6 14. Nf4 Rae8
15. Nxe6 Rxe6 16. Re1 Rfe8 17. Rxe6 Rxe6 18. f4 Re3 19. Qg4 g6 20. Qc8+ Kg7 21.
Bxc6 bxc6 22. Qg4 h5 23. Qd1 Qe6 24. Kf2 h4 25. gxh4 Qh3 26. Kg1 Qxh4 27. Qf1
Qg4+ 28. Kh1 Rf3 29. Qe2 Qxf4 30. Re1 Rf2 31. Qe5+ Qxe5 32. Rxe5 Rxc2 0-1

[Event "19. Open de Gros 2009"]
[Site "San Sebastián ESP"]
[Date "2009.09.25"]
[Round "1.2"]
[White "Ninov, Nikolai"]
[Black "Elduayen, Etxabe Inaki"]
[Result "1-0"]
[WhiteElo "2532"]
[BlackElo "1781"]
[PlyCount "33"]
[EventDate "2009.09.25"]
[EventType "swiss"]
[EventRounds "9"]
[EventCountry "ESP"]
[Source "lmi"]
[SourceDate "2009.09.25"]

1. e4 g6 2. d4 Bg7 3. Nc3 d6 4. Be3 Nc6 5. f4 Nf6 6. Nf3 Bg4 7. h3 Bxf3 8. Qxf3
Nd7 9. O-O-O e5 10. dxe5 dxe5 11. f5 Nd4 12. Qf2 Nb6 13. Nb5 Qe7 14. g4 h6 15.
c3 Nc6 16. g5 hxg5 17. Bc5 1-0

[Event "19. Open de Gros 2009"]
[Site "San Sebastián ESP"]
[Date "2009.09.25"]
[Round "1.3"]
[White "Orube, Bona Andoni"]
[Black "Meijers, Viesturs"]
[Result "0-1"]
[WhiteElo "1779"]
[BlackElo "2471"]
[PlyCount "64"]
[EventDate "2009.09.25"]
[EventType "swiss"]
[EventRounds "9"]
[EventCountry "ESP"]
[Source "lmi"]
[SourceDate "2009.09.25"]

1. e4 c5 2. Nf3 e6 3. d4 cxd4 4. Nxd4 a6 5. c4 Nf6 6. Bd3 Qc7 7. Nc3 g6 8. f4
d6 9. Qf3 Bg7 10. b3 Nbd7 11. Ba3 O-O 12. O-O Qb6 13. c5 dxc5 14. Na4 Qa7 15.
Kh1 cxd4 16. Bxf8 Kxf8 17. e5 Nd5 18. Qh3 Kg8 19. Rac1 b5 20. f5 Nxe5 21. fxg6
hxg6 22. Be4 bxa4 23. Bxd5 Rb8 24. Be4 axb3 25. axb3 Qd7 26. Rfd1 Bb7 27. Qh4
Bxe4 28. Qxe4 d3 29. Rc3 f5 30. Qf4 Rc8 31. Rdc1 Rxc3 32. Rxc3 d2 0-1

[Event "19. Open de Gros 2009"]
[Site "San Sebastián ESP"]
[Date "2009.09.25"]
[Round "1.4"]
[White "Georgiev, Krum"]
[Black "Carazo Paul, Jose Maria"]
[Result "1-0"]
[WhiteElo "2466"]
[BlackElo "1778"]
[PlyCount "65"]
[EventDate "2009.09.25"]
[EventType "swiss"]
[EventRounds "9"]
[EventCountry "ESP"]
[Source "lmi"]
[SourceDate "2009.09.25"]

1. e4 e5 2. Nf3 Nc6 3. Bb5 d6 4. O-O Bd7 5. c3 Be7 6. d4 exd4 7. cxd4 Nf6 8.
Nc3 a6 9. Ba4 O-O 10. h3 b5 11. Bc2 Nb4 12. Bb1 Nc6 13. e5 dxe5 14. dxe5 Ne8
15. Qd3 g6 16. Rd1 Bf5 17. Qe2 Qc8 18. Nd5 Ng7 19. Bh6 Re8 20. Bxg7 Kxg7 21.
Bxf5 Qxf5 22. Rac1 Rad8 23. Rxc6 Bd6 24. Ne3 Qe4 25. Qc2 Qxc2 26. Rxc2 Be7 27.
Rxc7 Rxd1+ 28. Nxd1 f6 29. Ne3 fxe5 30. Nd5 Kf8 31. Nxe5 Bd6 32. Rf7+ Kg8 33.
Nf6+ 1-0

[Event "19. Open de Gros 2009"]
[Site "San Sebastián ESP"]
[Date "2009.09.25"]
[Round "1.5"]
[White "Moreau, David"]
[Black "Inkiov, Ventzislav"]
[Result "0-1"]
[WhiteElo "1764"]
[BlackElo "2465"]
[PlyCount "42"]
[EventDate "2009.09.25"]
[EventType "swiss"]
[EventRounds "9"]
[EventCountry "ESP"]
[Source "lmi"]
[SourceDate "2009.09.25"]

1. c4 e6 2. Nc3 Nf6 3. Nf3 d5 4. cxd5 exd5 5. d4 Bb4 6. Qa4+ Nc6 7. Bd2 O-O 8.
e3 Bg4 9. Be2 Bd6 10. Nb5 Be7 11. O-O Ne4 12. Qc2 Re8 13. a3 a6 14. Nc3 Bd6 15.
Ne1 Bf5 16. Nxe4 dxe4 17. Qd1 Qh4 18. g3 Qh3 19. Ng2 Re6 20. Re1 Rh6 21. Nh4
Rxh4 0-1

[Event "19. Open de Gros 2009"]
[Site "San Sebastián ESP"]
[Date "2009.09.25"]
[Round "1.6"]
[White "Huerga Leache, Mikel"]
[Black "Lazkano Gaite, Tomas"]
[Result "1-0"]
[WhiteElo "2445"]
[BlackElo "1731"]
[PlyCount "57"]
[EventDate "2009.09.25"]
[EventType "swiss"]
[EventRounds "9"]
[EventCountry "ESP"]
[Source "lmi"]
[SourceDate "2009.09.25"]

1. e4 e5 2. Nf3 Nc6 3. Bb5 a6 4. Ba4 Nf6 5. O-O Be7 6. Re1 b5 7. Bb3 d6 8. c3
O-O 9. h3 Na5 10. Bc2 c5 11. d4 Qc7 12. b4 Nc6 13. Bb2 cxd4 14. cxd4 Bb7 15.
Nc3 Rac8 16. Bb3 Rfd8 17. Qd2 exd4 18. Nxd4 Ne5 19. Rac1 Nc4 20. Bxc4 bxc4 21.
Nf5 Bf8 22. Nd5 Bxd5 23. Bxf6 gxf6 24. Qxd5 Re8 25. Qd4 Re6 26. Re3 d5 27. Rg3+
Kh8 28. exd5 Rd8 29. Qg4 1-0

[Event "19. Open de Gros 2009"]
[Site "San Sebastián ESP"]
[Date "2009.09.25"]
[Round "1.7"]
[White "Cotta Esnaola, Andoni"]
[Black "Gaponenko, Inna"]
[Result "0-1"]
[WhiteElo "1724"]
[BlackElo "2438"]
[PlyCount "48"]
[EventDate "2009.09.25"]
[EventType "swiss"]
[EventRounds "9"]
[EventCountry "ESP"]
[Source "lmi"]
[SourceDate "2009.09.25"]

1. e4 c5 2. Nf3 d6 3. d4 cxd4 4. Nxd4 Nf6 5. Nc3 g6 6. Be2 Bg7 7. Be3 Nc6 8. g4
h5 9. Nxc6 bxc6 10. g5 Ng4 11. Qd2 Nxe3 12. Qxe3 Qa5 13. O-O Rb8 14. Nd1 O-O
15. c3 f5 16. Bc4+ d5 17. b4 Qd8 18. exd5 cxd5 19. Bb3 f4 20. Qxa7 Bh3 21. Re1
e6 22. Kh1 Ra8 23. Qb7 Qxg5 24. Rg1 Qf5 0-1

[Event "19. Open de Gros 2009"]
[Site "San Sebastián ESP"]
[Date "2009.09.26"]
[Round "2.1"]
[White "Paunovic, Dragan"]
[Black "Tung, Kai Ming"]
[Result "1-0"]
[WhiteElo "2556"]
[BlackElo "1966"]
[PlyCount "63"]
[EventDate "2009.09.25"]
[EventType "swiss"]
[EventRounds "9"]
[EventCountry "ESP"]
[Source "lmi"]
[SourceDate "2009.09.25"]

1. d4 e6 2. Nf3 Nf6 3. g3 Bb4+ 4. c3 Be7 5. Bg2 d5 6. O-O Nbd7 7. c4 c6 8. Qc2
Nb6 9. Nbd2 Nxc4 10. Nxc4 dxc4 11. Qxc4 O-O 12. b3 a5 13. Bb2 a4 14. Ne5 Nd5
15. e4 a3 16. Bc1 Nb6 17. Qc3 Nd7 18. Nd3 Qa5 19. b4 Qa6 20. Rb1 Nb6 21. Be3
Nc4 22. Nc5 Qb5 23. Rfc1 Nxe3 24. Qxe3 Bxc5 25. bxc5 Qa4 26. Qc3 Rd8 27. Rb4
Qa5 28. e5 h6 29. Be4 Ra6 30. Qb3 Ra7 31. Kg2 Qa6 32. Rcc4 1-0

[Event "19. Open de Gros 2009"]
[Site "San Sebastián ESP"]
[Date "2009.09.26"]
[Round "2.3"]
[White "Meijers, Viesturs"]
[Black "Bello Castano, Diego"]
[Result "1-0"]
[WhiteElo "2471"]
[BlackElo "1928"]
[PlyCount "73"]
[EventDate "2009.09.25"]
[EventType "swiss"]
[EventRounds "9"]
[EventCountry "ESP"]
[Source "lmi"]
[SourceDate "2009.09.25"]

1. e4 c6 2. d4 d5 3. Nd2 dxe4 4. Nxe4 Nf6 5. Nxf6+ gxf6 6. c3 Bf5 7. Nf3 Qc7 8.
Nh4 Bg6 9. f4 e6 10. f5 exf5 11. Qf3 Bd6 12. Nxf5 Bxf5 13. Qxf5 Nd7 14. Bd2
O-O-O 15. O-O-O Bxh2 16. Rxh2 Qxh2 17. Bf4 Qg1 18. Qa5 Ne5 19. Qxa7 Qf2 20. g3
h5 21. Bh3+ Kc7 22. Qa5+ Kb8 23. Rf1 Rd5 24. Qxd5 Qxf1+ 25. Bxf1 cxd5 26. dxe5
Ka7 27. exf6 h4 28. Be3+ b6 29. gxh4 Rxh4 30. Kd2 Ra4 31. a3 Kb7 32. Bb5 Rh4
33. b4 Rh5 34. a4 Rh4 35. Be8 Rh7 36. b5 Kc7 37. Kd3 1-0

[Event "19. Open de Gros 2009"]
[Site "San Sebastián ESP"]
[Date "2009.09.26"]
[Round "2.4"]
[White "Rodriguez Cabrera, Fco  Javier"]
[Black "Georgiev, Krum"]
[Result "0-1"]
[WhiteElo "1965"]
[BlackElo "2466"]
[PlyCount "74"]
[EventDate "2009.09.25"]
[EventType "swiss"]
[EventRounds "9"]
[EventCountry "ESP"]
[Source "lmi"]
[SourceDate "2009.09.25"]

1. e4 c5 2. Nf3 d6 3. d4 cxd4 4. Nxd4 Nf6 5. Nc3 a6 6. Be3 Nbd7 7. f3 e6 8. Qd2
b5 9. g4 Nb6 10. h4 Bb7 11. a3 Rc8 12. Rh3 Be7 13. Qf2 Nfd7 14. Nb3 O-O 15. g5
d5 16. e5 Nc4 17. Bxc4 dxc4 18. Nd2 Nxe5 19. Bb6 Qe8 20. O-O-O Nd7 21. Nde4
Nxb6 22. Qxb6 Qc6 23. Qg1 Rfd8 24. Rxd8+ Rxd8 25. h5 Qc7 26. Qe3 Qe5 27. Kb1
Bxe4 28. Nxe4 Qd4 29. Qxd4 Rxd4 30. c3 Rd1+ 31. Kc2 Rg1 32. f4 Rg2+ 33. Kc1 Re2
34. Nd2 Rf2 35. Rf3 Rxf3 36. Nxf3 Bd6 37. Ne5 f6 0-1

[Event "19. Open de Gros 2009"]
[Site "San Sebastián ESP"]
[Date "2009.09.26"]
[Round "2.5"]
[White "Inkiov, Ventzislav"]
[Black "Fernandez Zubitur, Jokin"]
[Result "1-0"]
[WhiteElo "2465"]
[BlackElo "1869"]
[PlyCount "75"]
[EventDate "2009.09.25"]
[EventType "swiss"]
[EventRounds "9"]
[EventCountry "ESP"]
[Source "lmi"]
[SourceDate "2009.09.25"]

1. e4 e5 2. Bc4 Nc6 3. Nf3 Bc5 4. d3 h6 5. c3 Nf6 6. b4 Bb6 7. a4 a6 8. Ba2 d6
9. b5 Ne7 10. Nbd2 O-O 11. Nc4 Bc5 12. O-O Be6 13. bxa6 bxa6 14. h3 Rb8 15. d4
exd4 16. cxd4 Bb4 17. d5 Bd7 18. Qc2 a5 19. Nd4 c5 20. Ne2 Ng6 21. Ng3 Bc8 22.
f4 Re8 23. Bb2 Nxe4 24. Nxe4 Bf5 25. Ncxd6 Qxd6 26. Nxd6 Bxc2 27. Nxe8 Rxe8 28.
Bc4 Rd8 29. f5 Nf8 30. Rf2 Be4 31. Rf4 Bc2 32. Rg4 g6 33. Rf1 g5 34. h4 Bd2 35.
hxg5 Be3+ 36. Kh2 hxg5 37. Bf6 Rd6 38. Bxg5 1-0

[Event "19. Open de Gros 2009"]
[Site "San Sebastián ESP"]
[Date "2009.09.26"]
[Round "2.6"]
[White "Tung, Siu Hung"]
[Black "Huerga Leache, Mikel"]
[Result "0-1"]
[WhiteElo "1873"]
[BlackElo "2445"]
[PlyCount "66"]
[EventDate "2009.09.25"]
[EventType "swiss"]
[EventRounds "9"]
[EventCountry "ESP"]
[Source "lmi"]
[SourceDate "2009.09.25"]

1. e4 e6 2. d4 d5 3. e5 c5 4. c3 Qb6 5. Nf3 Nc6 6. a3 Nh6 7. b4 cxd4 8. cxd4
Nf5 9. Be3 f6 10. b5 Nxe5 11. Nbd2 Nxf3+ 12. Nxf3 Bd7 13. Qb3 Rc8 14. Be2 Nxe3
15. fxe3 Qa5+ 16. Kf2 Rc3 17. Qb1 Bd6 18. a4 O-O 19. Rd1 Qb4 20. Qa2 Ra3 21.
Qc2 Rc8 22. Qb1 Qxb1 23. Rdxb1 Rcc3 24. Rxa3 Rxa3 25. Bd1 Rc3 26. Ke2 Kf7 27.
Kd2 Rc8 28. Bc2 g5 29. h3 h5 30. Bd3 g4 31. Ng1 Rg8 32. Bf1 Bc7 33. Ke2 Bh2 0-1

[Event "19. Open de Gros 2009"]
[Site "San Sebastián ESP"]
[Date "2009.09.26"]
[Round "2.7"]
[White "Gaponenko, Inna"]
[Black "Zubia Aramburu, Mikel"]
[Result "1-0"]
[WhiteElo "2438"]
[BlackElo "1863"]
[PlyCount "65"]
[EventDate "2009.09.25"]
[EventType "swiss"]
[EventRounds "9"]
[EventCountry "ESP"]
[Source "lmi"]
[SourceDate "2009.09.25"]

1. e4 c6 2. d4 d5 3. exd5 cxd5 4. c4 Nf6 5. Nc3 Nc6 6. Nf3 Bg4 7. cxd5 Nxd5 8.
Qb3 Bxf3 9. gxf3 e6 10. Qxb7 Nxd4 11. Bb5+ Nxb5 12. Qc6+ Ke7 13. Qxb5 Rb8 14.
Qc5+ Ke8 15. Qxa7 Bb4 16. Bd2 Qd6 17. O-O Bc5 18. Qa4+ Kf8 19. Ne4 Qb6 20. Rac1
Be7 21. b3 g6 22. Rc6 Qb7 23. Bh6+ Kg8 24. Rfc1 Bf8 25. Rc7 Qxc7 26. Rxc7 Bxh6
27. Qa7 Rf8 28. Rd7 Bf4 29. Rxd5 exd5 30. Nf6+ Kg7 31. Qd4 g5 32. Ne8+ Kg6 33.
Qf6+ 1-0

[Event "19. Open de Gros 2009"]
[Site "San Sebastián ESP"]
[Date "2009.09.26"]
[Round "2.8"]
[White "Nogues Fernandez, Ramon"]
[Black "Marholev, Dimitar"]
[Result "0-1"]
[WhiteElo "1862"]
[BlackElo "2413"]
[PlyCount "106"]
[EventDate "2009.09.25"]
[EventType "swiss"]
[EventRounds "9"]
[EventCountry "ESP"]
[Source "lmi"]
[SourceDate "2009.09.25"]

1. e4 e5 2. Nf3 Nc6 3. Bb5 a6 4. Ba4 Nf6 5. O-O Be7 6. Re1 b5 7. Bb3 d6 8. c3
O-O 9. h3 Na5 10. Bc2 c5 11. d4 Qc7 12. Nbd2 cxd4 13. cxd4 Bb7 14. Nf1 Rac8 15.
Re2 d5 16. Nxe5 Nxe4 17. Bf4 Bd6 18. Rc1 Qd8 19. Ng3 f5 20. Nd3 Bxf4 21. Nxf4
Qd6 22. Nxe4 fxe4 23. Nh5 Qh6 24. Ng3 Nc4 25. b3 Nb2 26. Qd2 Qxd2 27. Rxd2 Nd3
28. Rcd1 Nxf2 29. Re1 b4 30. Ree2 Rc3 31. Nf1 Nd3 32. Bxd3 exd3 33. Rf2 Re8 34.
Rf3 Re2 35. Re3 Rxd2 36. Nxd2 Rc2 37. Rxd3 Rxa2 38. Nf3 Re2 39. Ne5 Bc8 40. Rd1
Bf5 41. Ra1 Be4 42. Rxa6 Rxg2+ 43. Kf1 h6 44. Rb6 Rg3 45. Rxb4 Rxh3 46. Rb8+
Kh7 47. b4 Rb3 48. b5 Bd3+ 49. Nxd3 Rxd3 50. b6 Rxd4 51. b7 Rb4 52. Rd8 Rxb7
53. Rxd5 Rf7+ 0-1

[Event "19. Open de Gros 2009"]
[Site "San Sebastián ESP"]
[Date "2009.09.27"]
[Round "4.1"]
[White "Inkiov, Ventzislav"]
[Black "Ninov, Nikolai"]
[Result "0-1"]
[WhiteElo "2465"]
[BlackElo "2532"]
[PlyCount "80"]
[EventDate "2009.09.25"]
[EventType "swiss"]
[EventRounds "9"]
[EventCountry "ESP"]
[Source "lmi"]
[SourceDate "2009.09.25"]

1. e4 c5 2. Nf3 d6 3. d4 Nf6 4. Nc3 cxd4 5. Nxd4 a6 6. g3 e5 7. Nde2 b5 8. Bg2
Nbd7 9. h3 Be7 10. g4 b4 11. Nd5 Nxd5 12. exd5 a5 13. O-O h5 14. Ng3 hxg4 15.
hxg4 Nf6 16. g5 Ng4 17. Ne4 f5 18. gxf6 gxf6 19. Re1 f5 20. Ng3 Bh4 21. Qf3 Qb6
22. Be3 Nxe3 23. Rxe3 Ra7 24. a3 Rf7 25. axb4 f4 26. Rc3 Bb7 27. Ne4 Rg7 28.
bxa5 Qxb2 29. Nxd6+ Ke7 30. Nf5+ Kf6 31. Nxg7 Qxa1+ 32. Bf1 Bxd5 33. Nh5+ Kg5
34. Qxd5 Qxc3 35. Nxf4 Bxf2+ 36. Kxf2 Rf8 37. Bd3 Qd2+ 38. Kg1 Qe3+ 39. Kh1
Qc1+ 40. Kg2 Qxf4 0-1

[Event "19. Open de Gros 2009"]
[Site "San Sebastián ESP"]
[Date "2009.09.27"]
[Round "4.2"]
[White "Meijers, Viesturs"]
[Black "Gaponenko, Inna"]
[Result "1/2-1/2"]
[WhiteElo "2471"]
[BlackElo "2438"]
[PlyCount "60"]
[EventDate "2009.09.25"]
[EventType "swiss"]
[EventRounds "9"]
[EventCountry "ESP"]
[Source "lmi"]
[SourceDate "2009.09.25"]

1. e4 e5 2. Nf3 Nf6 3. Nxe5 d6 4. Nf3 Nxe4 5. Qe2 Qe7 6. d3 Nf6 7. Bg5 Qxe2+ 8.
Bxe2 Be7 9. Nc3 c6 10. Ne4 Nxe4 11. dxe4 Nd7 12. Bxe7 Kxe7 13. O-O-O Nc5 14.
Nd2 Be6 15. a3 Rhe8 16. f3 Rad8 17. Bc4 d5 18. exd5 Bxd5 19. Bxd5 Rxd5 20. Nc4
Red8 21. Rxd5 Rxd5 22. Rd1 Rxd1+ 23. Kxd1 Kd7 24. Kd2 f6 25. Ne3 Ne6 26. Kd3
Kd6 27. Nc4+ Kd5 28. Ne3+ Kd6 29. Nc4+ Kd5 30. Ne3+ Kd6 1/2-1/2

[Event "19. Open de Gros 2009"]
[Site "San Sebastián ESP"]
[Date "2009.09.27"]
[Round "4.3"]
[White "Martin Alvarez, Inigo"]
[Black "Mirzoev, Azer"]
[Result "0-1"]
[WhiteElo "2227"]
[BlackElo "2584"]
[PlyCount "48"]
[EventDate "2009.09.25"]
[EventType "swiss"]
[EventRounds "9"]
[EventCountry "ESP"]
[Source "lmi"]
[SourceDate "2009.09.25"]

1. e4 e5 2. Nf3 Nc6 3. Bb5 a6 4. Bxc6 dxc6 5. Nc3 Qd6 6. d4 exd4 7. Nxd4 c5 8.
Nde2 Qxd1+ 9. Nxd1 Bd7 10. f3 O-O-O 11. Ndc3 Bc6 12. Kf2 Ne7 13. Nf4 Ng6 14.
Nxg6 hxg6 15. Bf4 Be7 16. Rad1 Bf6 17. e5 Be7 18. Rhe1 Rd4 19. Ne2 Rxd1 20.
Rxd1 Bd7 21. Bg3 Bf5 22. Rd2 b5 23. Nf4 c4 24. Ne2 Bc5+ 0-1

[Event "19. Open de Gros 2009"]
[Site "San Sebastián ESP"]
[Date "2009.09.27"]
[Round "4.4"]
[White "Paunovic, Dragan"]
[Black "Georgiev, Krum"]
[Result "1/2-1/2"]
[WhiteElo "2556"]
[BlackElo "2466"]
[PlyCount "76"]
[EventDate "2009.09.25"]
[EventType "swiss"]
[EventRounds "9"]
[EventCountry "ESP"]
[Source "lmi"]
[SourceDate "2009.09.25"]

1. Nf3 Nf6 2. g3 g6 3. Bg2 Bg7 4. O-O O-O 5. c4 d6 6. d4 c6 7. Nc3 a6 8. d5 a5
9. Be3 Nfd7 10. Rc1 Nc5 11. Qd2 Bd7 12. h4 h5 13. Bd4 Nba6 14. e4 Qb6 15. Bxg7
Kxg7 16. e5 dxe5 17. Nxe5 Rad8 18. Nxd7 Rxd7 19. Rfe1 e6 20. b3 cxd5 21. cxd5
f6 22. Qe3 Rd6 23. Red1 Rfd8 24. dxe6 Rxe6 25. Qf3 Nb4 26. Nd5 Nxd5 27. Rxd5
Ne4 28. Rxd8 Qxd8 29. Qf4 Nd6 30. Qd2 Qb6 31. Re1 Rxe1+ 32. Qxe1 Qc7 33. Qe6 b6
34. Bd5 Qd8 35. a4 Kh6 36. Qe3+ Kg7 37. Qe6 Kh6 38. Qe3+ Kg7 1/2-1/2

[Event "19. Open de Gros 2009"]
[Site "San Sebastián ESP"]
[Date "2009.09.27"]
[Round "4.5"]
[White "Darrigues, Alain"]
[Black "Marholev, Dimitar"]
[Result "0-1"]
[WhiteElo "1999"]
[BlackElo "2413"]
[PlyCount "80"]
[EventDate "2009.09.25"]
[EventType "swiss"]
[EventRounds "9"]
[EventCountry "ESP"]
[Source "lmi"]
[SourceDate "2009.09.25"]

1. d4 Nf6 2. c4 g6 3. Nc3 Bg7 4. e4 d6 5. Be2 O-O 6. Nf3 c5 7. d5 e6 8. O-O
exd5 9. cxd5 Re8 10. Nd2 Na6 11. a4 Nb4 12. Re1 a6 13. a5 Bd7 14. Bf1 Ng4 15.
Nf3 Ne5 16. Nxe5 Bxe5 17. g3 f5 18. Bg2 Qf6 19. Ra3 Bd4 20. Be3 Rac8 21. Qd2
Bxe3 22. Rxe3 Qd4 23. Qe2 c4 24. Ra1 Nd3 25. Qd2 Qf6 26. Rd1 f4 27. Rxd3 cxd3
28. Qxd3 Rf8 29. f3 Qe5 30. g4 Rc5 31. Ra1 Rfc8 32. Ra3 Bb5 33. Qd2 Rc4 34. Bf1
Rd4 35. Qe1 Bxf1 36. Kxf1 Rd3 37. Qf2 Re3 38. Ne2 Rxa3 39. bxa3 Qa1+ 40. Kg2
Rc2 0-1

[Event "19. Open de Gros 2009"]
[Site "San Sebastián ESP"]
[Date "2009.09.27"]
[Round "4.8"]
[White "Zaballa Zarzosa, Jon"]
[Black "Maruejols, Claude"]
[Result "0-1"]
[WhiteElo "1831"]
[BlackElo "2052"]
[PlyCount "38"]
[EventDate "2009.09.25"]
[EventType "swiss"]
[EventRounds "9"]
[EventCountry "ESP"]
[Source "lmi"]
[SourceDate "2009.09.25"]

1. e4 c5 2. Nf3 d6 3. d4 cxd4 4. Nxd4 Nf6 5. Nc3 a6 6. Be3 e5 7. Nb3 Be6 8. f3
Be7 9. Qd2 Nbd7 10. O-O-O O-O 11. g4 b5 12. g5 b4 13. Ne2 Ne8 14. f4 a5 15. f5
a4 16. Nbd4 exd4 17. Bf4 Bxa2 18. Nxd4 Ne5 19. Qxb4 Bxg5 0-1

[Event "19. Open de Gros 2009"]
[Site "San Sebastián ESP"]
[Date "2009.09.28"]
[Round "5.1"]
[White "Mirzoev, Azer"]
[Black "Ninov, Nikolai"]
[Result "1-0"]
[WhiteElo "2584"]
[BlackElo "2532"]
[PlyCount "101"]
[EventDate "2009.09.25"]
[EventType "swiss"]
[EventRounds "9"]
[EventCountry "ESP"]
[Source "lmi"]
[SourceDate "2009.09.25"]

1. d4 d5 2. c4 e6 3. cxd5 exd5 4. Nc3 c6 5. Qc2 Bd6 6. e3 Ne7 7. Bd3 Nd7 8. Bd2
a6 9. e4 dxe4 10. Nxe4 Bc7 11. O-O-O Nb6 12. Ne2 Nbd5 13. Kb1 Bf5 14. f3 h6 15.
g4 Bh7 16. Nc5 Bxd3 17. Qxd3 b6 18. Ne4 Qd7 19. N2c3 a5 20. Nxd5 Nxd5 21. Rc1
Rc8 22. g5 hxg5 23. Nxg5 Kf8 24. h4 Rh5 25. a3 Bd8 26. Ne4 g6 27. Bg5 Bxg5 28.
hxg5 Rxh1 29. Rxh1 Kg7 30. Rc1 f5 31. gxf6+ Nxf6 32. Nxf6 Kxf6 33. Ka1 Qd5 34.
Qa6 Re8 35. Qxb6 Re6 36. Qa6 Kf5 37. Qd3+ Kf6 38. Rg1 Qf5 39. Qb3 Kg7 40. Qb7+
Qf7 41. Qc8 Qe7 42. Rc1 Qd6 43. Rh1 Kf6 44. Qh8+ Kf5 45. Qh3+ Kf6 46. Qh4+ Kf5
47. Rg1 Qf4 48. Qh3+ Kf6 49. Rxg6+ Kxg6 50. Qxe6+ Kh5 51. Qe5+ 1-0

[Event "19. Open de Gros 2009"]
[Site "San Sebastián ESP"]
[Date "2009.09.28"]
[Round "5.2"]
[White "Marholev, Dimitar"]
[Black "Meijers, Viesturs"]
[Result "1/2-1/2"]
[WhiteElo "2413"]
[BlackElo "2471"]
[PlyCount "41"]
[EventDate "2009.09.25"]
[EventType "swiss"]
[EventRounds "9"]
[EventCountry "ESP"]
[Source "lmi"]
[SourceDate "2009.09.25"]

1. d4 Nf6 2. g3 e6 3. Bg2 c5 4. Nf3 Nc6 5. O-O d5 6. c4 dxc4 7. Ne5 Nxe5 8.
dxe5 Nd5 9. Na3 c3 10. b3 Be7 11. e4 Nb4 12. Qg4 Kf8 13. Rd1 Bd7 14. Be3 Qc7
15. f4 Rd8 16. Rdc1 h5 17. Qe2 g6 18. Rxc3 Kg7 19. Qb2 Bc6 20. Nc4 Kh7 21. Nd6
1/2-1/2

[Event "19. Open de Gros 2009"]
[Site "San Sebastián ESP"]
[Date "2009.09.28"]
[Round "5.3"]
[White "Gaponenko, Inna"]
[Black "Huerga Leache, Mikel"]
[Result "1/2-1/2"]
[WhiteElo "2438"]
[BlackElo "2445"]
[PlyCount "42"]
[EventDate "2009.09.25"]
[EventType "swiss"]
[EventRounds "9"]
[EventCountry "ESP"]
[Source "lmi"]
[SourceDate "2009.09.25"]

1. e4 e6 2. d4 d5 3. Nc3 Bb4 4. e5 c5 5. a3 Ba5 6. b4 cxd4 7. Qg4 Ne7 8. bxa5
dxc3 9. Qxg7 Rg8 10. Qxh7 Nbc6 11. Nf3 Qc7 12. Bf4 Qxa5 13. Bd3 Qa4 14. Bg3 Bd7
15. O-O O-O-O 16. Rfb1 Qg4 17. h3 Qg7 18. Qh4 Kb8 19. Rb3 Rc8 20. Rab1 Rc7 21.
Rxc3 Rgc8 1/2-1/2

[Event "19. Open de Gros 2009"]
[Site "San Sebastián ESP"]
[Date "2009.09.28"]
[Round "5.4"]
[White "Maruejols, Claude"]
[Black "Paunovic, Dragan"]
[Result "0-1"]
[WhiteElo "2052"]
[BlackElo "2556"]
[PlyCount "74"]
[EventDate "2009.09.25"]
[EventType "swiss"]
[EventRounds "9"]
[EventCountry "ESP"]
[Source "lmi"]
[SourceDate "2009.09.25"]

1. d4 d6 2. Nf3 Nf6 3. c4 g6 4. Nc3 Bg7 5. e4 O-O 6. Be2 c5 7. d5 e6 8. O-O
exd5 9. cxd5 Bg4 10. Bf4 Re8 11. Nd2 Bxe2 12. Qxe2 Nh5 13. Be3 a6 14. a4 Nd7
15. g4 Nhf6 16. a5 Qc7 17. f3 h6 18. Rfc1 Rac8 19. Nc4 Ne5 20. Nb6 Rcd8 21. b4
cxb4 22. Nca4 Qe7 23. Rab1 Nexg4 24. Bd2 Ne5 25. Bxb4 Nh5 26. Bd2 Qf6 27. Rb3
Nd7 28. Rc7 Nxb6 29. Nxb6 Nf4 30. Qf1 Qh4 31. Be1 Qg5+ 32. Kh1 Re7 33. Rc2 f5
34. Rb4 fxe4 35. fxe4 Rf7 36. Qg1 Qh5 37. Bg3 Qf3+ 0-1

[Event "19. Open de Gros 2009"]
[Site "San Sebastián ESP"]
[Date "2009.09.28"]
[Round "5.5"]
[White "Georgiev, Krum"]
[Black "Argandona Riveiro, Inigo"]
[Result "1/2-1/2"]
[WhiteElo "2466"]
[BlackElo "2375"]
[PlyCount "49"]
[EventDate "2009.09.25"]
[EventType "swiss"]
[EventRounds "9"]
[EventCountry "ESP"]
[Source "lmi"]
[SourceDate "2009.09.25"]

1. e4 d6 2. g3 h5 3. Bg2 h4 4. d4 Nc6 5. Bg5 f6 6. Be3 e5 7. Nc3 exd4 8. Bxd4
Nxd4 9. Qxd4 c6 10. O-O-O Qb6 11. Qd2 Nh6 12. f3 Nf7 13. f4 g5 14. e5 fxe5 15.
fxe5 Nxe5 16. Nf3 g4 17. Nxe5 Bh6 18. Nc4 Bxd2+ 19. Rxd2 Qb4 20. Nxd6+ Ke7 21.
Re1+ Be6 22. Nf5+ Kf7 23. Nd6+ Ke7 24. Nf5+ Kf7 25. Nd6+ 1/2-1/2

[Event "19. Open de Gros 2009"]
[Site "San Sebastián ESP"]
[Date "2009.09.28"]
[Round "5.6"]
[White "Hernandez, Elvis"]
[Black "Inkiov, Ventzislav"]
[Result "0-1"]
[WhiteElo "2284"]
[BlackElo "2465"]
[PlyCount "82"]
[EventDate "2009.09.25"]
[EventType "swiss"]
[EventRounds "9"]
[EventCountry "ESP"]
[Source "lmi"]
[SourceDate "2009.09.25"]

1. e4 e5 2. Nf3 Nc6 3. Bc4 Nf6 4. d3 Bc5 5. Nc3 d6 6. Na4 Bb6 7. Nxb6 axb6 8.
c3 h6 9. Bb3 Qe7 10. h3 g5 11. Nh2 Be6 12. Ng4 O-O-O 13. Qf3 Nd7 14. Ne3 Nc5
15. Bc2 Kb8 16. b4 Nd7 17. a4 Rdg8 18. Bd2 h5 19. Nd5 Qd8 20. Qe2 g4 21. h4 f5
22. a5 bxa5 23. Ba4 Bxd5 24. exd5 Ne7 25. bxa5 Nc5 26. a6 Nxa4 27. Rxa4 Qd7 28.
Rb4 b6 29. c4 f4 30. Qe4 Ka7 31. Kd1 g3 32. f3 Nf5 33. Kc2 Rb8 34. Kc3 Rhf8 35.
Qe1 Nd4 36. Qa1 c5 37. dxc6 Qxc6 38. Rhb1 Rfc8 39. Qb2 Qc5 40. Qa3 Nb5+ 41.
Rxb5 Qxa3+ 0-1